| 000 | 00693nam a22002291 4500 | ||
|---|---|---|---|
| 003 | OSt | ||
| 005 | 20160128100602.0 | ||
| 008 | 900725s1974 slv spa | ||
| 020 | _a84-226-0616-X | ||
| 040 |
_aSpMaBN _bspa _cBMC |
||
| 082 | _a928.44 | ||
| 082 | _a840 | ||
| 100 | 1 |
_aGérard, Nicole _937862 |
|
| 245 | 1 | 0 |
_aSiete años de cárcel _cNicole Gérard ; [traducción, Antonio Priante] |
| 260 |
_a[Barcelona] _bCírculo de Lectores _c[1974] |
||
| 300 |
_a436 p., 1 h. _c21 cm |
||
| 595 | _aTraducción de: Sept ans de pénitence | ||
| 600 | 1 | 4 |
_938252 _aGérard, Nicole _xBiografía |
| 650 | 2 | 4 |
_930831 _aLiteratura francesa |
| 700 | 1 |
_937863 _aPriante, Antonio |
|
| 942 |
_2ddc _cBK |
||
| 999 |
_c24605 _d24605 |
||